De lo vivido y lo peleado: memorias
I tiakina i:
| Kaituhi matua: | |
|---|---|
| Hōputu: | Pukapuka |
| Reo: | Pāniora |
| I whakaputaina: |
Santiago, Chile
Lom
1997
|
| Rangatū: | Sin Norte
|
| Ngā marau: | |
| Ngā Tūtohu: |
Tāpirihia he Tūtohu
Kāore He Tūtohu, Me noho koe te mea tuatahi ki te tūtohu i tēnei pūkete!
|
MARC
| LEADER | 00000nam a2200000 a 4500 | ||
|---|---|---|---|
| 001 | UCS7939 | ||
| 003 | CL-VaPUC | ||
| 005 | 20210604001441.0 | ||
| 008 | 971024e19970000CL |||||||||||||||||spa|d | ||
| 999 | |c 262676 |d 262674 | ||
| 040 | |c Pontificia Universidad Católica de Valparaíso | ||
| 082 | 0 | 4 | |a 923.2 COR 1997 |2 21 |
| 100 | 0 | |a Corvalán, Luis |e author |9 392912 | |
| 245 | 1 | 0 | |a De lo vivido y lo peleado: memorias |
| 260 | |a Santiago, Chile |b Lom |c 1997 | ||
| 300 | |a 415 páginas | ||
| 490 | 0 | |a Sin Norte | |
| 583 | |a last modification |c 20160913 03:31:45 |k Rodrigo Vera | ||
| 650 | 0 | |a Historia política |z CHILE |9 256974 | |
| 650 | 7 | |a FILOSOFIA POLITICA |2 CL-VaPUC |9 392913 |z CHILE | |
| 650 | 0 | |a Comunismo |z CHILE |9 255588 | |
| 852 | |a BIBCUR | ||
| 942 | |c BK |2 ddc | ||
| 945 | |d 19971024 00:00:00 |a rleighto | ||
| 952 | |0 0 |1 0 |2 ddc |4 0 |6 923_200000000000000_COR_1997 |7 0 |8 A |9 291426 |a BIBHIS |b BIBHIS |d 2019-11-19 |i 3356957 |o 923.2 COR 1997 |p 3356957 |r 2025-01-20 |t 1 |w 2019-11-19 |y BK |k HIS | ||